000 00837nam a2200301Ia 4500
003 OSt
005 20221006142525.0
006 a|||||r|||| 00| 0
007 ta
008 221006b |||||||| |||| 00| 0 eng d
020 _cSh20.00
024 _a6,526
037 _cTextual
040 _aEASL
_cEASL
_beng
041 _2eng
_aeng
082 _aY:1v41.J00, L1
100 _aMCNEILL William H Ed.
245 0 _aChina, India, and Japan
_b The middle period
260 _aLondon
_bOxford University
_c1971
300 _a292p.
_ccm.
490 _v CEL
650 _a China India Japan
_9647877
650 _a Middle period
_9647878
650 _aCEL
700 _a SEDLAR Jean W Ed.
_9647879
942 _hY:1v41.J00, L1
_cTEXL
_2CC
999 _c1074612
_d1074612